Books of the Protestant Bible Quiz - 2 minute sprint - Statistics

General Stats
  • This quiz has been taken 21 times
  • The average score is 39 of 66
Answer Stats
Book % Correct
Genesis
100%
Luke
100%
Mark
100%
Matthew
100%
John
93%
Ruth
93%
Deuteronomy
87%
Exodus
87%
Job
87%
Numbers
87%
Psalms
87%
1 Kings
80%
Leviticus
80%
2 Kings
73%
Joshua
73%
Proverbs
73%
1 Chronicles
67%
1 Samuel
67%
Ezekiel
67%
Judges
67%
1 Corinthians
60%
1 Timothy
60%
2 Chronicles
60%
2 Corinthians
60%
2 John
60%
2 Samuel
60%
3 John
60%
Acts
60%
Ezra
60%
Habakkuk
60%
Jeremiah
60%
Nehemiah
60%
Revelation
60%
Romans
60%
1 John
53%
Colossians
53%
Daniel
53%
Ecclesiastes
53%
Esther
53%
Haggai
53%
Hosea
53%
Isaiah
53%
Jonah
53%
Micah
53%
1 Thessalonians
47%
2 Thessalonians
47%
2 Timothy
47%
Amos
47%
Ephesians
47%
Galatians
47%
Hebrews
47%
Joel
47%
Nahum
47%
Obadiah
47%
Song of Solomon
47%
1 Peter
40%
Jude
40%
Malachi
40%
Zechariah
40%
Zephaniah
40%
2 Peter
33%
James
33%
Lamentations
33%
Philemon
33%
Philippians
33%
Titus
27%
No matching quizzes found
Score Distribution
Percent of People with Each Score
Percentile by Number Answered
Your Score History
You have not taken this quiz